Same Actor-Jack Nicholson - Statistics

General Stats
  • This quiz has been taken 22 times
  • The average score is 4 of 9
Answer Stats
Picture Answer % Correct
The Joker
100%
Jack Torrance
95%
Col. Jessup
42%
R.P McMurphy
42%
J.J. Gittes
32%
Wilbur Force
21%
Mitch
16%
George Hanson
11%
Gino
11%
No matching quizzes found
Score Distribution
Percent of People with Each Score
Percentile by Number Answered
Your Score History
You have not taken this quiz